书目信息 |
| 题名: |
钢结构焊接规范 GB 50661-2011
|
|
| 作者: | ;中冶建筑研究总院有限公司 ;中国 主编 | |
| 分册: | ||
| 出版信息: | 北京 中国建筑工业出版社 2012 |
|
| 页数: | 187页 | |
| 开本: | 21cm | |
| 丛书名: | 中华人民共和国国家标准 | |
| 单 册: | ||
| 中图分类: | TG457.11-65 , TU391-65 | |
| 科图分类: | ||
| 主题词: | 建筑结构--jian zhu jie gou--钢结构--焊接--国家标准--中国--2011 | |
| 电子资源: | ||
| ISBN: | 15112·21707 | |
| 000 | 01470nam 2200313 450 | |
| 001 | 0100003946 | |
| 005 | 20240227111028.95 | |
| 010 | @a15112·21707@dCNY31.00 | |
| 094 | @aCN@bGB 50661-2011 | |
| 100 | @a20130306d2012 ekmy0chiy50 ea | |
| 101 | 0 | @achi |
| 102 | @aCN@b110000 | |
| 105 | @aak l 000yy | |
| 106 | @ar | |
| 200 | 1 | @a钢结构焊接规范 GB 50661-2011@Agang jie gou han jie gui fan GB 50661-2011@d= Gode for welding of steel structures@f主编部门中华人民共和国住房和城乡建设部@g批准部门中华人民共和国住房和城乡建设部@zeng |
| 210 | @a北京@c中国建筑工业出版社@d2012 | |
| 215 | @a187页@c图@d21cm | |
| 225 | 2 | @a中华人民共和国国家标准@Azhong hua ren min gong he guo guo jia biao zhun |
| 300 | @a本标准由中华人民共和国住房和城乡建设部、中华人民共和国国家质量监督检验检疫总局于2011-12-05 发布, 2012-08-01 实施 | |
| 314 | @a本标准主编单位: 中冶建筑研究总院有限公司 ; 本规范参编单位: 国家钢结构工程技术研究中心 ... [等] ; 本标准主要起草人: 刘景凤 ... [等] | |
| 410 | 0 | @12001 @a中华人民共和国国家标准 |
| 510 | 1 | @aGode for welding of steel structures@zeng |
| 606 | 0 | @a建筑结构@Ajian zhu jie gou@x钢结构@x焊接@x国家标准@y中国@z2011 |
| 690 | @aTG457.11-65@v5 | |
| 690 | @aTU391-65@v5 | |
| 711 | 02 | @a中冶建筑研究总院有限公司@Azhong ye jian zhu yan jiu zong yuan you xian gong si |
| 712 | 01 | @a中国@Azhong guo@b住房和城乡建设部@Bzhu fang he cheng xiang jian she bu@4主编 |
| 801 | 0 | @aCN@c20161103 |
| 905 | @a河南城建学院图书馆@dTG457.11-65@eZ707 | |
| 钢结构焊接规范 GB 50661-2011= Gode for welding of steel structures/主编部门中华人民共和国住房和城乡建设部/批准部门中华人民共和国住房和城乡建设部.-北京:中国建筑工业出版社,2012 |
| 187页:图;21cm.-(中华人民共和国国家标准) |
| 本标准由中华人民共和国住房和城乡建设部、中华人民共和国国家质量监督检验检疫总局于2011-12-05 发布, 2012-08-01 实施 |
| ISBN 15112·21707:CNY31.00 |
| ● |
| 相关链接 |
|
|
|
正题名:钢结构焊接规范 GB 50661-2011
索取号:TG457.11-65/Z707
 
预约/预借
| 序号 | 登录号 | 条形码 | 馆藏地/架位号 | 状态 | 备注 |
| 1 | 1290612 | 212906122 | 土木与交通工程学院资料室/ [索取号:TG457.11-65/Z707] | 在馆 | |
| 2 | 1290613 | 212906131 | 土木与交通工程学院资料室/ [索取号:TG457.11-65/Z707] | 在馆 | |
| 3 | 1290614 | 212906140 | 土木与交通工程学院资料室/ [索取号:TG457.11-65/Z707] | 在馆 | |
| 4 | 1290615 | 212906159 | 土木与交通工程学院资料室/ [索取号:TG457.11-65/Z707] | 在馆 | |
| 5 | 1290616 | 212906168 | 土木与交通工程学院资料室/ [索取号:TG457.11-65/Z707] | 在馆 | |
| 6 | 1290617 | 212906177 | 土木与交通工程学院资料室/ [索取号:TG457.11-65/Z707] | 在馆 | |
| 7 | 1290618 | 212906186 | 土木与交通工程学院资料室/ [索取号:TG457.11-65/Z707] | 在馆 | |
| 8 | 1290619 | 212906195 | 土木与交通工程学院资料室/ [索取号:TG457.11-65/Z707] | 在馆 | |
| 9 | 1290620 | 212906202 | 土木与交通工程学院资料室/ [索取号:TG457.11-65/Z707] | 在馆 | |
| 10 | 1290621 | 212906211 | 土木与交通工程学院资料室/ [索取号:TG457.11-65/Z707] | 在馆 |